Central Library OPAC University of Rajshahi

Irrationalzahlen / (Record no. 6325)

MARC details
000 -LEADER
fixed length control field 00647cam a22002411 4500
001 - CONTROL NUMBER
control field 6325
003 - CONTROL NUMBER IDENTIFIER
rucl marc code BD-RjUL
005 - DATE AND TIME OF LATEST TRANSACTION
control field 20211208234226.0
008 - FIXED-LENGTH DATA ELEMENTS--GENERAL INFORMATION
fixed length control field 14 t1960 n 000 0 ger
035 ## - SYSTEM CONTROL NUMBER
System control number (BD-RjUL)6365
System control number (OCoLC)3148523
040 ## - CATALOGING SOURCE
Original cataloging agency DLC
Transcribing agency GStG
Modifying agency DLC
-- BD-RjUL
Language of cataloging eng
041 ## - LANGUAGE CODE
Language code of text/sound track or separate title eng
082 04 - DEWEY DECIMAL CLASSIFICATION NUMBER
Edition number 16
Classification number 512.81
Author mark and year PEI 1960
100 1# - MAIN ENTRY--PERSONAL NAME
Personal name Perron, Oskar
Dates associated with a name 1880-
9 (RLIN) 19916
245 10 - TITLE STATEMENT
Title Irrationalzahlen /
Statement of responsibility, etc. Von Dr. Oskar Perron.
260 ## - PUBLICATION, DISTRIBUTION, ETC. (IMPRINT)
Place of publication, distribution, etc. New york :
Name of publisher, distributor, etc. Chelsea co.,
Date of publication, distribution, etc. 1960.
300 ## - PHYSICAL DESCRIPTION
Pagination 199 p. ;
Size 24 cm.
650 #0 - SUBJECT ADDED ENTRY--TOPICAL TERM
Topical term or geographic name as entry element Irrational numbers.
9 (RLIN) 19917
942 ## - ADDED ENTRY ELEMENTS (KOHA)
Source of classification or shelving scheme Dewey Decimal Classification
Koha item type Books
Holdings
Lost status Source of classification or shelving scheme Damaged status Not for loan Collection code Permanent Location Current Location Shelving location Date acquired Source of acquisition Cost, normal purchase price Total Checkouts Full call number Date last seen Copy number Koha item type
  Dewey Decimal Classification   Not For Loan Non-fiction Central Library, University of Rajshahi Central Library, University of Rajshahi   02/02/1963 Zeittinger 23.00   512.81 PEI 1960 09/01/2014 C-1 Books